000
00317nam a22001457a 4500
008
230124b ||||| |||| 00| 0 eng d
020
_a
9780131552807
041
_a
eng
080
_a
72
082
_a
72BEA
100
_a
19.1
101
_a
ARKIT
245
_a
DESIGNING YOUR FUTURE
_c
BEACHAM V C
942
_2
udc
_c
BK
999
_c
59260
_d
59260